[Event "RUS-chT Rapid Men 2018"]
[Site "Sochi"]
[Date "2018.10.08"]
[Round "2"]
[White "Belyakov, Bogdan"]
[Black "Romanov, Evgeny"]
[Result "0-1"]
[WhiteElo "2458"]
[BlackElo "2614"]
[Annotator "TA"]
[PlyCount "84"]
[EventDate "2018.10.05"]
[EventType "swiss"]
[EventCountry "RUS"]
[SourceTitle "playchess.com"]
[Source "ChessBase"]
[SourceQuality "1"]

{[%evp 9,84,26,46,39,36,25,42,44,46,-37,-24,-25,-21,-19,-24,-27,-8,-4,20,-100,-109,-97,-95,-99,-104,-106,-89,-103,-89,-197,-185,-200,-202,-245,-236,-336,-331,-316,-309,-345,-330,-348,-341,-376,-369,-357,-260,-613,-597,-970,-947,-1133,-1116,-1066,-871,-958,-979,-1061,-510,-517,-510,-508,-501,-535,-501,-540,-501,-29979,-29977,-29977,-29977,-29993,-29994,-29994,-29995,-29995,-29996]} 1. e4 e5 2. Nf3 Nc6 3. Bb5 {[%cal Bf1b5,Bb5a4,Ba4b3][%mdl 32]} a6 4. Ba4 b5 5. Bb3 g6 {LiveBook: 22 Games} 6. Nc3 {C70: Ruy Lopez: 3...a6 4 Ba4, Norwegian and Delayed Schliemann} (6. d4 exd4 7. Nxd4 Na5 8. O-O Bg7 9. Re1 Ne7 10. e5 O-O 11. Bg5 c5 12. Bd5 Rb8 13. Nb3 Nxb3 14. axb3 {0-1 (31) Kramnik,V (2792)-Mamedyarov,S (2808) Paris 2018}) 6... Bg7 7. a4 b4 8. Nd5 {White is slightly better.} Na5 9. Nxb4 $146 (9. d4 $14) ({Predecessor:} 9. Ba2 Rb8 10. O-O c6 11. Ne3 Ne7 12. c3 b3 13. Bb1 {0-1 (40) Leventic,I (2411)-Romanov,E (2611) Biograd 2018}) 9... Nxb3 $15 10. cxb3 Rb8 11. Nd5 c6 12. Ne3 d5 13. d3 Be6 14. exd5 (14. O-O $11 {remains equal.}) 14... cxd5 $17 15. O-O Ne7 {[%mdl 1024] Black has strong compensation.} 16. Ng5 Bc8 17. Bd2 O-O 18. Rc1 f5 19. f4 {[#]} (19. Rc5 $17) 19... e4 $1 $19 20. dxe4 fxe4 21. b4 h6 (21... Bxb2 22. Qb3) 22. Nh3 (22. Nxe4 $142 dxe4 23. Bc3) 22... Bxh3 ({Much less strong is} 22... Bxb2 23. Rb1 $19) 23. gxh3 d4 ({But not} 23... Bxb2 24. Rb1 $19) 24. Qb3+ Kh7 25. Ng4 e3 26. Nxe3 dxe3 27. Bxe3 Qd5 28. Qa3 $2 (28. Qxd5 Nxd5 29. Bc5) 28... Nf5 29. Rfd1 Qe4 30. Bf2 Qxf4 {Threatens to win with ...Be5.} 31. Qd3 Rxb4 32. b3 Nd4 33. Bg3 Qf3 (33... Qg5 $142 34. Rc7 Rf3 35. Rxg7+ Kxg7) 34. Qxf3 Nxf3+ 35. Kg2 {If White can now play Bd6 this consolidates a bit.} Rxb3 36. Rc7 Kg8 {White must now prevent ...Rb2+.} 37. Rc6 g5 38. Rxa6 {[#]} (38. Rdc1 $19) 38... Rb2+ {Black mates.} 39. Kh1 Be5 40. Rd7 Rb1+ 41. Kg2 Nh4+ 42. Bxh4 Rb2+ {Precision: White = 28%, Black = 83%.} ({And not} 42... gxh4 43. Rg6+ Kh8 44. Rxh6+ Kg8 45. Rg6+ Kh8 46. Rh6+ Kg8 47. Rg6+ Kh8 48. Rh6+ $11) 0-1

[Event "RUS-chT Rapid Men 2018"]
[Site "Sochi"]
[Date "2018.10.08"]
[Round "2"]
[White "Gutenev, Alexander"]
[Black "Papenin, Nikolai"]
[Result "1-0"]
[WhiteElo "2456"]
[BlackElo "2334"]
[Annotator "TA"]
[PlyCount "131"]
[EventDate "2018.10.05"]
[EventType "swiss"]
[EventCountry "RUS"]
[SourceTitle "playchess.com"]
[Source "ChessBase"]
[SourceQuality "1"]

{[%evp 33,131,21,24,19,10,20,83,75,84,84,167,63,63,32,46,42,46,43,100,88,91,95,221,234,570,564,560,541,675,664,682,675,670,666,636,483,481,318,318,316,304,311,304,278,524,524,524,524,524,524,1445,1427,947,1069,605,433,12833,12835,12835,12836,12833,12837,12838,12839,12841,12839,12843,12843,12846,12841,12842,12842,12842,12842,12842,12843,12843,12842,12841,12842,12842,12843,12843,12843,12844,12844,12845,12845,12846,12846,12846,12847,12847,12847,12848,12848,12849,12849,12850,12850]} 1. e4 e5 2. Nf3 Nc6 3. Bb5 a6 4. Ba4 Nf6 5. O-O b5 6. Bb3 Bc5 7. a4 Rb8 8. c3 d6 9. d4 Bb6 10. axb5 axb5 11. Na3 O-O 12. Nxb5 Bg4 13. Bc2 exd4 {C78: Ruy Lopez: Archangelsk and Möller Defences} 14. Nbxd4 Nxd4 15. cxd4 Bxf3 16. gxf3 {[%cal Bg2f3,Bf3f4][%mdl 32]} Nh5 17. Kh1 (17. f4 Qh4 18. Ra3 d5 19. exd5 f5 20. Qf3 Rbd8 21. Rc3 {1-0 (60) Harikrishna,P (2733)-Erdos,V (2624) Antalya 2017}) 17... Qf6 {LiveBook: 24 Games} 18. Be3 g6 19. Rg1 Nf4 (19... c5 $11) 20. Ra4 $1 $16 {e5! is the strong threat.} Ne6 21. f4 $1 {[%cal Rf4f5] [#] And now f5 would win.} Ra8 $146 (21... c5 $16 {was called for.}) 22. e5 (22. Rb4 $1 $18) 22... Qd8 $14 23. f5 Rxa4 24. Bxa4 Ng7 25. fxg6 hxg6 (25... fxg6 $14 26. Bc6 dxe5) 26. Qf3 $1 $16 {Strongly threatening Bb3.} dxe5 27. Bb3 $1 $36 {[%mdl 2048] White is on the roll.} exd4 (27... Qd6 $16 {is a better defense.}) 28. Bg5 $1 $18 {[%cal Rg5d8]} Qd7 $2 (28... Qa8 29. Bxf7+ Kh8 30. Qxa8 Rxa8) 29. Bf6 $1 Kh7 30. Rg4 $1 Nh5 31. Rh4 {Rxh5+ would kill now.} Qb5 {[%cal Rb5f1] [#]} 32. Bc4 $1 {[%mdl 512]} Qf5 (32... Qxc4 33. Rxh5+) 33. Qxf5 gxf5 34. Rxh5+ Kg6 35. Rh8 Rxh8 36. Bxh8 f6 {[#]} 37. h4 $1 {[%cal Bh2h4,Bh4h5][%mdl 32]} d3 {[#]} 38. h5+ $1 Kxh5 $2 (38... Kg5 39. Bxd3 Bd4) 39. Bxf6 {White is clearly winning.} ({Less strong is} 39. Bxd3 Kg6 $16) 39... d2 40. Be2+ Kg6 41. Bc3 Bxf2 42. Bxd2 Kf6 43. Kg2 Bb6 44. Bc3+ Ke6 (44... Kg6 $142 45. Be5 Kf7 46. Bc4+ Kg6) 45. Kf3 Bg1 46. Bc4+ Kd6 47. Kf4 Bh2+ 48. Kxf5 Kc6 49. Bd4 Kb7 50. Ke6 Kb8 51. Kd7 Bd6 52. Kc6 Bf4 53. Be6 Bd6 54. Kb5 Kb7 55. Bd7 Bf4 56. Kc4 Bd6 57. Kd5 Bf4 58. Bc6+ Kc8 59. Be5 Bd2 60. Kc5 Be1 61. Kb5 Bd2 62. Bf3 Be1 63. Kc6 Ba5 64. Bg4+ Kb8 65. Bd7 {White threatens Bf4 and mate.} Bb6 66. b4 {Precision: White = 81%, Black = 29%.} 1-0

[Event "RUS-chT Rapid Men 2018"]
[Site "Sochi"]
[Date "2018.10.08"]
[Round "2"]
[White "Usmanov, Vasily"]
[Black "Savitskiy, Sergey"]
[Result "1-0"]
[WhiteElo "2453"]
[BlackElo "2413"]
[Annotator "RC"]
[PlyCount "69"]
[EventDate "2018.10.05"]
[EventType "swiss"]
[EventCountry "RUS"]
[SourceTitle "playchess.com"]
[Source "ChessBase"]
[SourceQuality "1"]
[TimeControl "900+10"]

1. d4 {[%emt 0:00:00]} Nf6 {[%emt 0:00:00]} 2. Bg5 {[%emt 0:00:00]} Ne4 {[%emt 0:01:15]} 3. Bf4 {[%emt 0:00:00]} c5 {[%emt 0:00:02]} 4. f3 {[%emt 0:00:06]} Nf6 {[%emt 0:00:02]} 5. d5 {[%emt 0:01:09]} g6 {[%emt 0:02:11]} 6. e4 {[%emt 0:00:31]} Bg7 {[%emt 0:00:01]} 7. Nc3 {[%emt 0:00:19]} O-O {[%emt 0:00:29]} 8. Qd2 {[%emt 0:02:10]} d6 {[%emt 0:01:48]} 9. g4 {[%emt 0:00:28]} a6 {[%emt 0:01:29]} 10. h4 {[%emt 0:00:17]} h5 {[%emt 0:00:16]} 11. g5 {[%emt 0:00:51]} Ne8 {[%emt 0:00:19]} 12. Bh3 {[%emt 0:01:44]} Nd7 {[%emt 0:00:15]} 13. Bxd7 {[%emt 0:02:00]} Bxd7 {[%emt 0:00:03]} 14. Nge2 {[%emt 0:00:01]} b5 {[%emt 0:00:08]} 15. O-O {[%emt 0:00:04]} b4 {[%emt 0:00:20]} 16. Nd1 {[%emt 0:00:02]} a5 {[%emt 0:00:01]} 17. c4 {[%emt 0:00:20]} bxc3 {[%emt 0:00:16]} 18. bxc3 {[%emt 0:00:32]} Nc7 {[%emt 0:02:55]} 19. a4 {[%emt 0:00:31]} c4 {[%emt 0:01:07]} 20. Nb2 {[%emt 0:02:11]} Na6 {[%emt 0:00:27]} 21. Be3 {[%emt 0:00:43]} Qc8 {[%emt 0:00:29]} 22. Nd4 {[%emt 0:00:11]} Nc5 {[%emt 0:00:46]} 23. Qe2 {[%emt 0:00:04]} Qa6 {[%emt 0:01:32]} 24. Qxc4 {[%emt 0:00:13]} Rfb8 {[%emt 0:00:39]} 25. Rf2 {[%emt 0:01:58]} Qxc4 {[%emt 0:00:18]} 26. Nxc4 {[%emt 0:00:01]} Nxa4 {[%emt 0:00:02]} 27. Nc6 {[%emt 0:00:12]} Bxc6 {[%emt 0:01:28]} 28. dxc6 {[%emt 0:00:01]} Nxc3 {[%emt 0:00:01]} 29. c7 {[%emt 0:00:20]} Rb7 {[%emt 0:00:53]} 30. Nb6 {[%emt 0:00:30]} Rxb6 {[%emt 0:00:01]} 31. Bxb6 {[%emt 0:00:01]} a4 {[%emt 0:00:03]} 32. Rc2 {[%emt 0:00:11]} Rc8 {[%emt 0:00:27]} 33. Ra3 {[%emt 0:00:23]} Nb5 {[%emt 0:00:16]} 34. Rxa4 {[%emt 0:00:03]} Kf8 {[%emt 0:00:00]} 35. Ra8 {[%emt 0:00:28]} 1-0

[Event "RUS-chT Rapid Men 2018"]
[Site "Sochi"]
[Date "2018.10.08"]
[Round "2"]
[White "Vastrukhin, Oleg"]
[Black "Kamsky, Gata"]
[Result "0-1"]
[WhiteElo "2413"]
[BlackElo "2666"]
[Annotator "TA"]
[PlyCount "148"]
[EventDate "2018.10.05"]
[EventType "swiss"]
[EventCountry "RUS"]
[SourceTitle "playchess.com"]
[Source "ChessBase"]
[SourceQuality "1"]

{[%evp 17,148,14,40,0,19,20,21,8,16,7,35,33,39,34,34,27,35,28,22,22,22,22,22,24,31,34,30,39,52,44,44,10,35,16,16,0,24,0,0,-16,0,6,23,0,0,-9,0,-15,18,10,10,8,9,9,14,13,36,0,0,0,0,0,0,-203,-228,-203,-221,-229,-229,-229,-229,-229,-179,-462,-456,-368,-328,-1147,-1119,-983,-879,-1172,-1231,-2090,-1692,-12392,-1094,-29963,-29959,-29965,-29967,-12544,-8068,-4063,-4966,-2205,-595,-595,-595,-29950,-29958,-12797,-12770,-12368,-12125,-10203,-5177,-4968,-3434,-3434,-3434,-2970,-2838,-2500,-2324,-2105,-1925,-1668,-1129,-29962,-29963,-29973,-29974,-29976,-29977,-29976,-29975,-29974,-29974,-29986,-29987,-29987,-29988]} 1. Nf3 Nf6 2. g3 g6 3. Bg2 Bg7 4. O-O O-O 5. d4 d5 6. Nbd2 c6 7. c4 a5 8. b3 Bf5 9. Bb2 Ne4 10. e3 {D78: Fianchetto Grünfeld: 6 0-0 c6} (10. Re1 Nd7 11. Nh4 Nxd2 12. Nxf5 gxf5 13. Qxd2 e6 14. cxd5 cxd5 15. Rec1 Qb6 16. e3 Rfc8 17. Bf1 Bf8 18. Rxc8 Rxc8 {½-½ (52) Vachier Lagrave,M (2804)-Radjabov,T (2710) Doha 2016}) 10... Nxd2 11. Qxd2 Be4 12. Rfc1 {The position is equal.} e6 13. a4 $146 ({Predecessor:} 13. Qe2 a4 14. Bf1 Bxf3 15. Qxf3 Nd7 16. Qe2 Qe7 17. Qc2 Rfe8 18. Bc3 {1-0 (45) Ribli,Z-Najdorf,M Nice 1974}) 13... Bxf3 14. Bxf3 Re8 15. Bc3 Nd7 16. Rcb1 Bf8 17. b4 axb4 18. Bxb4 Bxb4 19. Qxb4 Ra7 20. a5 Qc7 21. cxd5 exd5 22. Rc1 {Bxd5! is the strong threat.} Nf6 23. a6 bxa6 24. Qa4 Re6 25. Rc2 {[%mdl 1024] White has compensation.} Kg7 26. Rac1 Qd7 27. Be2 (27. Rxc6 $2 Rc7 $1 $19 {[%mdl 512]}) 27... h5 28. h4 Ne4 29. Bf3 Nf6 30. Bg2 (30. Rxc6 $2 Rc7 $1 $19 {[%mdl 512]}) 30... Rd6 31. Bf3 ({But not} 31. Rxc6 $2 Rc7 $1 $19 {[%mdl 512]}) 31... a5 32. Rc5 ({Don't blunder} 32. Rxc6 $2 Rc7 $1 $19 {[%mdl 512]}) 32... Rb7 33. Rxa5 Qf5 34. Kg2 Ne4 35. Qc2 Re7 {[%cal Bb7e7,Be7e4,Be4g4][%mdl 32]} 36. Bxe4 Rxe4 37. Rc5 Rf6 38. Rxc6 Qf3+ $1 39. Kg1 Rf5 {Threatening ...g5.} 40. Rc8 $2 (40. Re1 $11 {and White is okay.}) 40... Rg4 $19 41. Re8 {[#]} g5 $1 {[%cal Bg6g5,Bg5h4][%mdl 32]} 42. Re5 ({Not} 42. hxg5 $2 h4 $19) 42... Rxe5 $40 {[%mdl 128] Black wants a kill.} 43. dxe5 gxh4 {[%mdl 4096] Endgame ( -> ...h3). KQR-KQR} 44. Qd1 Qe4 45. Qd4 $2 (45. Qc2) 45... Qxd4 46. exd4 hxg3 {KR-KR} 47. Rd1 $2 (47. fxg3 Rxg3+ 48. Kf2) 47... gxf2+ 48. Kxf2 Kg6 49. Ke3 h4 {[%cal Bh5h4,Bh4h3,Bh3h2][%mdl 32]} 50. Rf1 h3 51. Rf6+ Kg7 (51... Kg5 $142 52. Rf1 Re4+ 53. Kd3 Rh4) 52. Rf1 h2 53. Rh1 Rh4 54. Kf3 Kg6 55. Kg2 Rxd4 56. Rf1 Rd2+ (56... Rh4 $142 57. Kh1 Kg7) 57. Kh1 Re2 58. e6 Rxe6 59. Kxh2 Re4 60. Kg3 f5 61. Kf3 Kf6 62. Ra1 Rb4 63. Re1 d4 64. Re8 Rb5 65. Rd8 Ke5 66. Re8+ Kd5 67. Rc8 Rc5 68. Rd8+ Kc4 {Black mates.} 69. Ke2 Kc3 70. Rh8 d3+ 71. Kd1 f4 {[%cal Bf5f4,Bf4f3,Bf3f2][%mdl 32]} 72. Rf8 {[#]} f3 $1 73. Rf7 {[#]} (73. Rxf3 Ra5) 73... f2 $1 74. Rf8 (74. Rxf2 Ra5) 74... Rg5 {Precision: White = 35%, Black = 67%.} 0-1

[Event "RUS-chT Rapid Men 2018"]
[Site "Sochi"]
[Date "2018.10.08"]
[Round "2"]
[White "Nechaev, Oleg"]
[Black "Pogromsky, Mikhail"]
[Result "1-0"]
[WhiteElo "2400"]
[BlackElo "2415"]
[Annotator "TA"]
[PlyCount "119"]
[EventDate "2018.10.05"]
[EventType "swiss"]
[EventCountry "RUS"]
[SourceTitle "playchess.com"]
[Source "ChessBase"]
[SourceQuality "1"]

{[%evp 9,119,-11,-14,-18,-10,-27,-26,-25,-18,-31,1,-35,0,-85,-79,-77,-44,-86,-47,-87,-89,-297,-85,-118,-116,-118,-51,-72,-43,-50,-19,-23,-19,-34,-14,-25,-23,-27,-39,-36,-26,-29,0,-108,-108,-121,-122,-138,0,-249,0,0,0,-52,0,-2,-8,-5,6,-4,51,51,60,60,60,60,60,69,72,18,120,93,163,72,72,63,63,63,64,42,225,202,418,418,818,818,1229,1196,1150,1108,1949,1594,29976,29977,29977,29977,29979,29980,29980,29978,29978,29979,29979,29980,29979,29979,29979,29979,29979,29980,29980,29981]} 1. d4 Nf6 2. Bg5 b6 3. Nd2 Bb7 4. e3 (4. Ngf3 g6 5. Bxf6 exf6 6. e3 Bg7 7. g3 O-O 8. Bg2 f5 9. O-O d6 10. Ne1 Bxg2 11. Nxg2 Nd7 12. Qf3 Re8 {1-0 (55) Andreikin,D (2705)-Pogromsky,M (2416) Sochi 2017}) 4... g6 5. Bxf6 exf6 6. h4 $146 {A45: Trompowsky Attack} ({Predecessor:} 6. Ngf3 Bg7 7. g3 O-O 8. Bg2 d6 9. O-O Nd7 10. a4 {1-0 (81) Hillarp Persson,T (2505)-Mueller,H (2155) Recklinghausen 1999}) 6... h5 7. c3 f5 8. Qb3 {Black has an edge.} Bh6 9. Ngf3 Qe7 10. Bd3 d6 11. O-O-O (11. Qa4+ $11 Nd7 12. Ba6 Bxa6 13. Qxa6) 11... Nd7 $17 {[%cal Bb8d7,Bd7f6,Bf6e4][%mdl 32]} 12. Kb1 Nf6 13. Rhe1 Ne4 14. Re2 O-O 15. g3 $2 {[#]} (15. c4 $17 {was necessary.}) 15... a6 $2 (15... Nxf2 $1 $19 {[%mdl 512]} 16. Rxf2 Qxe3) 16. Bc2 b5 17. Nxe4 Bxe4 (17... fxe4 $17 18. Ng1 c6) 18. Ne1 Bb7 19. Red2 Rfd8 20. d5 Bc8 21. Nf3 Bd7 22. Nd4 Rdb8 23. Nc6 Bxc6 $1 24. dxc6 a5 {[%cal Ba6a5,Ba5a4][%mdl 32]} 25. Qd5 b4 26. c4 (26. cxb4 $11 Rxb4 27. Rd4) 26... a4 27. c5 dxc5 {...b3! is the strong threat.} 28. Qd7 Qf6 (28... Qe5 $1 $17 29. f4 (29. Rd5 $2 Qf6 $19) 29... Qxe3) 29. Bd3 $2 (29. Bxa4 $1 $11 {and White is okay.} Rxa4 30. Qxc7) 29... Rd8 $2 (29... a3 $1 $19 30. Bc4 b3 $1 {[%mdl 512]} 31. axb3 axb2 32. Qxc7 Ra1+ 33. Kc2 Rba8 34. Qxf7+ Qxf7 35. Kxb2 Rxd1 36. Rxd1 Rc8) 30. Qxc7 $11 {Threatens to win with Bc4.} Rac8 31. Qa7 ({White should play} 31. Qb7 $11 Rxc6 32. Bb5 Rxd2 33. Rxd2) 31... Rxc6 (31... Qxc6 $15 32. Bc4 Qe4+ 33. Bd3 Qe8) 32. Bb5 $132 {[%mdl 2048] White puts up resistance} Rxd2 33. Rxd2 Rc8 34. Qxa4 Bg7 (34... f4 $11 35. exf4 Rd8) 35. Qa6 $14 Rd8 36. Qxf6 Bxf6 37. Rxd8+ Bxd8 {[%mdl 4096] Endgame KB-KB} 38. Kc2 Kf8 39. Kb3 (39. f4 $16) 39... Ke7 (39... f4 $11) 40. Bc4 Bc7 {[#]} (40... f4 $16 {keeps fighting.}) 41. Bd5 (41. f4 $1 $18 {and White stays clearly on top.}) 41... Be5 $16 42. a4 bxa3 $1 43. bxa3 Bc7 44. Ka4 {Strongly threatening Kb5.} f6 $2 (44... c4 $14) 45. Kb5 $18 c4 $2 (45... f4 {might work better.}) 46. Bxc4 Bb8 (46... Kd7 $142 47. a4 g5) 47. a4 Kd7 48. Bf7 g5 49. Bxh5 gxh4 50. gxh4 {[%cal Bg3h4,Bh4h5,Bh5h6,Bh6h7][%mdl 32]} Bh2 51. Bg6 {White mates.} f4 52. h5 Ke7 53. h6 Kf8 54. h7 Kg7 55. exf4 Bxf4 56. a5 {[%cal Ba4a5,Ba5a6][%mdl 32]} Be5 57. Bf5 Bd4 58. f3 Kh8 59. a6 Kg7 60. Kc6 {Precision: White = 47%, Black = 36%.} 1-0

[Event "RUS-chT Rapid Men 2018"]
[Site "Sochi"]
[Date "2018.10.08"]
[Round "2"]
[White "Gogolev, Artem"]
[Black "Antipov, Mikhail Al."]
[Result "0-1"]
[WhiteElo "2389"]
[BlackElo "2593"]
[Annotator "ChessBase"]
[PlyCount "68"]
[EventDate "2018.10.05"]
[EventType "swiss"]
[EventCountry "RUS"]
[SourceTitle "playchess.com"]
[Source "ChessBase"]
[SourceQuality "1"]
[TimeControl "900+10"]

1. c4 {[%emt 0:00:00]} c6 {[%emt 0:00:00]} 2. d4 {[%emt 0:00:00]} d5 {[%emt 0:00:00]} 3. cxd5 {[%emt 0:00:00]} cxd5 {[%emt 0:00:00]} 4. Nc3 {[%emt 0:00:00]} Nf6 {[%emt 0:00:00]} 5. Bf4 {[%emt 0:00:01]} Nc6 {[%emt 0:00:00]} 6. e3 {[%emt 0:00:07]} a6 {[%emt 0:00:00]} 7. Bd3 {[%emt 0:00:12]} Bg4 {[%emt 0:00:00]} 8. Nge2 {[%emt 0:00:18]} e6 {[%emt 0:00:00]} 9. O-O {[%emt 0:00:04]} Bd6 {[%emt 0:00:01]} 10. Bxd6 {[%emt 0:00:39]} Bxe2 {[%emt 0:00:02]} 11. Qxe2 {[%emt 0:00:06]} Qxd6 {[%emt 0:00:01]} 12. Na4 {[%emt 0:00:21]} Nd7 {[%emt 0:00:12]} 13. Rac1 {[%emt 0:00:08]} O-O {[%emt 0:00:05]} 14. Nc5 {[%emt 0:00:03]} Nxc5 {[%emt 0:00:19]} 15. dxc5 {[%emt 0:00:29]} Qe7 {[%emt 0:00:16]} 16. Rfd1 {[%emt 0:00:08]} Rfd8 {[%emt 0:00:13]} 17. a3 {[%emt 0:00:06]} a5 {[%emt 0:00:11]} 18. b3 {[%emt 0:00:06]} g6 {[%emt 0:01:24]} 19. Qb2 {[%emt 0:00:09]} d4 {[%emt 0:00:12]} 20. exd4 {[%emt 0:00:05]} Rxd4 {[%emt 0:00:02]} 21. Qc3 {[%emt 0:02:55]} Rad8 {[%emt 0:00:29]} 22. Be2 {[%emt 0:00:03]} Qg5 {[%emt 0:03:35]} 23. g3 {[%emt 0:03:22]} R8d5 {[%emt 0:06:19]} 24. Rxd4 {[%emt 0:01:31]} Nxd4 {[%emt 0:00:02]} 25. Bd1 {[%emt 0:00:03]} Qd8 {[%emt 0:02:11]} 26. Bf3 {[%emt 0:02:01]} Rf5 {[%emt 0:01:00]} 27. Rd1 {[%emt 0:00:39]} e5 {[%emt 0:01:10]} 28. Qe3 {[%emt 0:00:38]} Rxf3 {[%emt 0:00:55]} 29. Qxe5 {[%emt 0:04:12]} Rxg3+ {[%emt 0:00:01]} 30. Kh1 {[%emt 0:01:12]} Rg4 {[%emt 0:00:00]} 31. f4 {[%emt 0:00:01]} Rxf4 {[%emt 0:00:01]} 32. Qxf4 {[%emt 0:00:12]} Qd5+ {[%emt 0:00:01]} 33. Kg1 {[%emt 0:00:03]} Ne2+ {[%emt 0:00:01]} 34. Kf2 {[%emt 0:00:04]} Nxf4 {[%emt 0:00:01]} 0-1

[Event "RUS-chT Rapid Men 2018"]
[Site "Sochi"]
[Date "2018.10.08"]
[Round "2"]
[White "Kharitonov, Egor"]
[Black "Ivlev, Aleksey"]
[Result "0-1"]
[WhiteElo "2387"]
[BlackElo "2326"]
[Annotator "NA"]
[PlyCount "96"]
[EventDate "2018.10.05"]
[EventType "swiss"]
[EventCountry "RUS"]
[SourceTitle "playchess.com"]
[Source "ChessBase"]
[SourceQuality "1"]
[TimeControl "900+10"]

1. d4 {[%emt 0:00:00]} d5 {[%emt 0:00:00]} 2. c4 {[%emt 0:00:00]} c6 {[%emt 0:00:00]} 3. Nf3 {[%emt 0:00:00]} Nf6 {[%emt 0:00:00]} 4. Qc2 {[%emt 0:00:00]} g6 {[%emt 0:00:06]} 5. Bf4 {[%emt 0:00:00]} Bg7 {[%emt 0:00:02]} 6. e3 {[%emt 0:00:00]} O-O {[%emt 0:00:04]} 7. h3 {[%emt 0:00:15]} a6 {[%emt 0:00:09]} 8. Nc3 {[%emt 0:00:48]} b5 {[%emt 0:00:26]} 9. cxd5 {[%emt 0:00:14]} cxd5 {[%emt 0:00:09]} 10. Be2 {[%emt 0:00:02]} Bf5 {[%emt 0:00:17]} 11. Qb3 {[%emt 0:00:05]} Nc6 {[%emt 0:00:04]} 12. O-O {[%emt 0:00:09]} Na5 {[%emt 0:01:41]} 13. Qd1 {[%emt 0:01:26]} Nc4 {[%emt 0:00:07]} 14. b3 {[%emt 0:00:03]} Nb6 {[%emt 0:00:23]} 15. a3 {[%emt 0:01:27]} Qd7 {[%emt 0:01:31]} 16. Ne5 {[%emt 0:00:06]} Qb7 {[%emt 0:00:02]} 17. Rc1 {[%emt 0:00:14]} Rfc8 {[%emt 0:00:21]} 18. Nd3 {[%emt 0:01:36]} Bxd3 {[%emt 0:00:13]} 19. Bxd3 {[%emt 0:00:03]} e6 {[%emt 0:00:20]} 20. Be5 {[%emt 0:01:19]} Nbd7 {[%emt 0:01:21]} 21. Bd6 {[%emt 0:00:04]} Rc6 {[%emt 0:00:26]} 22. Be7 {[%emt 0:00:49]} Re8 {[%emt 0:00:51]} 23. Bb4 {[%emt 0:00:46]} Rec8 {[%emt 0:01:37]} 24. Qd2 {[%emt 0:00:12]} Bf8 {[%emt 0:02:11]} 25. Ne2 {[%emt 0:03:21]} Rxc1 {[%emt 0:00:22]} 26. Rxc1 {[%emt 0:00:02]} Rxc1+ {[%emt 0:00:01]} 27. Nxc1 {[%emt 0:00:05]} Bxb4 {[%emt 0:00:03]} 28. Qxb4 {[%emt 0:00:02]} Qc7 {[%emt 0:01:01]} 29. Ne2 {[%emt 0:00:14]} Kg7 {[%emt 0:00:36]} 30. g3 {[%emt 0:01:23]} e5 {[%emt 0:00:02]} 31. Qc3 {[%emt 0:00:49]} Qd6 {[%emt 0:00:14]} 32. a4 {[%emt 0:01:39]} b4 {[%emt 0:00:07]} 33. Qc8 {[%emt 0:00:02]} a5 {[%emt 0:00:01]} 34. Bb5 {[%emt 0:00:04]} exd4 {[%emt 0:00:44]} 35. Nxd4 {[%emt 0:00:04]} Nc5 {[%emt 0:00:05]} 36. Kg2 {[%emt 0:00:40]} Nfe4 {[%emt 0:00:11]} 37. h4 {[%emt 0:00:52]} Nxf2 {[%emt 0:00:17]} 38. Kxf2 {[%emt 0:00:14]} Ne4+ {[%emt 0:00:02]} 39. Ke2 {[%emt 0:00:48]} Qxg3 {[%emt 0:00:04]} 40. Kd3 {[%emt 0:00:32]} Qe1 {[%emt 0:00:55]} 41. Qc2 {[%emt 0:00:09]} Nf2+ {[%emt 0:00:06]} 42. Qxf2 {[%emt 0:00:15]} Qxf2 {[%emt 0:00:02]} 43. Nc6 {[%emt 0:00:08]} Qxh4 {[%emt 0:00:14]} 44. Nxa5 {[%emt 0:00:01]} Qe4+ {[%emt 0:00:02]} 45. Kd2 {[%emt 0:00:02]} h5 {[%emt 0:00:11]} 46. Nc6 {[%emt 0:00:04]} h4 {[%emt 0:00:16]} 47. Bf1 {[%emt 0:00:13]} Qf5 {[%emt 0:00:13]} 48. Ke2 {[%emt 0:00:08]} Qc2+ {[%emt 0:00:02]} 0-1